MARC

LEADER 00000nam0a2200000 4500
001 15007
005 20231030190001.0
010 |a 5856460413 
035 |a (RuTPU)RU\TPU\book\15109 
035 |a BOOK00015179 
090 |a 15007 
100 |a 20011209d1999 km y0rusy50 ca 
101 0 |a rus 
102 |a RU 
105 |a a b 000zy 
200 1 |a 58-10. Надзорные производства Прокуратуры СССР по делам об антисоветской агитации и пропаганде. Март 1953-1991  |e Аннотированный каталог  |f Под ред. В. А. Козлова и С. В. Мироненко; сост. О. В. Эдельман; Под общей ред. А. Н. Яковлева 
210 |a Москва  |c Международный фонд "Демократия"  |d 1999 
215 |a 944 с.  |c ил. 
225 1 |a Россия: ХХ век 
225 1 |a Документы 
610 1 |a история 
610 1 |a СССР 
610 1 |a право 
610 1 |a Прокуратура СССР 
610 1 |a антисоветская агитация 
610 1 |a антисоветская пропаганда 
610 1 |a политические репрессии 
610 1 |a надзор за следствием 
610 1 |a государственная безопасность 
610 1 |a 20 век 
610 1 |a каталоги 
686 |a Т3(2)623  |v LBC/SL-A  |2 rubbk 
686 |a Х629.1  |v LBC/SL-A  |2 rubbk 
702 1 |a Яковлев  |b А. Н.  |4 340 
702 1 |a Козлов  |b В. А.  |4 340 
702 1 |a Мироненко  |b С. В.  |4 340 
702 1 |a Эдельман  |b О. В.  |4 340 
801 0 |a RU  |b 63413507  |c 20011209  |g PSBO 
801 2 |a RU  |b 63413507  |c 20050728  |g PSBO 
942 |c BK